[Event "British Rapidplay 2017"]
[Site "Leeds"]
[Date "2017.11.18"]
[Round "3.3"]
[White "Dong, Bao Nghia"]
[Black "Storey, Charles H"]
[Result "1-0"]
[BlackElo "2225"]
[WhiteElo "2183"]
[LiveChessVersion "1.4.8"]

1. d4 {[%clk 0:20:15]} g6 {[%clk 0:20:18]} 2. Nf3 {[%clk 0:20:14]} Bg7
{[%clk 0:20:27]} 3. Bf4 {[%clk 0:20:13]} c5 {[%clk 0:20:13]} 4. c3
{[%clk 0:20:14]} Qb6 {[%clk 0:19:30]} 5. Qc1 {[%clk 0:19:44]} Nf6
{[%clk 0:18:31]} 6. Nbd2 {[%clk 0:19:40]} d5 {[%clk 0:18:14]} 7. a4
{[%clk 0:18:57]} cxd4 {[%clk 0:16:18]} 8. a5 {[%clk 0:18:16]} Qd8
{[%clk 0:16:19]} 9. cxd4 {[%clk 0:18:16]} Nc6 {[%clk 0:15:43]} 10. e3
{[%clk 0:16:58]} Nh5 {[%clk 0:15:18]} 11. Be5 {[%clk 0:14:33]} f6
{[%clk 0:14:13]} 12. Bg3 {[%clk 0:13:57]} Nxg3 {[%clk 0:13:45]} 13. hxg3
{[%clk 0:14:05]} a6 {[%clk 0:12:23]} 14. b4 {[%clk 0:11:05]} Nxb4
{[%clk 0:11:48]} 15. Qb1 {[%clk 0:10:53]} Qd6 {[%clk 0:11:40]} 16. Ra4
{[%clk 0:11:00]} Nc6 {[%clk 0:10:29]} 17. Rxh7 {[%clk 0:11:02]} f5
{[%clk 0:07:39]} 18. Rxh8+ {[%clk 0:10:47]} Bxh8 {[%clk 0:07:47]} 19. Bd3
{[%clk 0:10:00]} e6 {[%clk 0:07:15]} 20. Ke2 {[%clk 0:08:43]} Bf6
{[%clk 0:06:17]} 21. g4 {[%clk 0:07:17]} Qc7 {[%clk 0:05:19]} 22. gxf5
{[%clk 0:07:03]} gxf5 {[%clk 0:04:45]} 23. Qh1 {[%clk 0:06:51]} Qf7
{[%clk 0:04:34]} 24. Nb3 {[%clk 0:06:06]} Bd7 {[%clk 0:04:16]} 25. Nc5
{[%clk 0:06:11]} Na7 {[%clk 0:03:41]} 26. Nxd7 {[%clk 0:05:21]} Kxd7
{[%clk 0:03:42]} 27. Qb1 {[%clk 0:05:21]} Kc8 {[%clk 0:02:53]} 28. Bxf5
{[%clk 0:04:31]} exf5 {[%clk 0:02:37]} 29. Qxf5+ {[%clk 0:04:39]} Qd7
{[%clk 0:02:05]} 30. Qxf6 {[%clk 0:04:46]} Qxa4 {[%clk 0:01:30]} 31. Qf8+
{[%clk 0:04:55]} Kc7 {[%clk 0:01:39]} 32. Qxa8 {[%clk 0:05:03]} Qb5+
{[%clk 0:01:21]} 33. Ke1 {[%clk 0:04:23]} Qxa5+ {[%clk 0:01:28]} 34. Kf1
{[%clk 0:04:32]} Qa1+ {[%clk 0:01:17]} 35. Ne1 {[%clk 0:04:31]} Nc8
{[%clk 0:01:14]} 36. g4 {[%clk 0:04:40]} Qd1 {[%clk 0:01:16]} 37. g5
{[%clk 0:04:20]} Qg4 {[%clk 0:01:09]} 38. Nd3 {[%clk 0:04:15]} Qd1+
{[%clk 0:01:05]} 39. Ne1 {[%clk 0:04:24]} Qb1 {[%clk 0:01:00]} 40. f4
{[%clk 0:04:29]} Qd1 {[%clk 0:00:47]} 41. Kf2 {[%clk 0:02:51]} Qd2+
{[%clk 0:00:51]} 42. Kf1 {[%clk 0:02:47]} Qxe3 {[%clk 0:00:59]} 43. Ng2
{[%clk 0:02:56]} Qd3+ {[%clk 0:01:01]} 44. Kf2 {[%clk 0:02:33]} Qxd4+
{[%clk 0:01:10]} 45. Kg3 {[%clk 0:02:43]} Qe4 {[%clk 0:01:10]} 46. Nh4
{[%clk 0:02:45]} Qe3+ {[%clk 0:01:08]} 47. Nf3 {[%clk 0:02:52]} Qd3
{[%clk 0:01:09]} 48. Kg4 {[%clk 0:03:00]} Qe2 {[%clk 0:01:01]} 49. Kg3
{[%clk 0:03:05]} Qe3 {[%clk 0:00:47]} 50. g6 {[%clk 0:03:07]} Nd6
{[%clk 0:00:50]} 51. Qf8 {[%clk 0:02:46]} Ne4+ {[%clk 0:00:58]} 52. Kg4
{[%clk 0:02:54]} Nf2+ {[%clk 0:00:55]} 53. Kg3 {[%clk 0:01:42]} Nh1+
{[%clk 0:00:56]} 54. Kg4 {[%clk 0:01:36]} Nf2+ {[%clk 0:01:02]} 55. Kg3
{[%clk 0:01:37]} Ne4+ {[%clk 0:01:08]} 56. Kg4 {[%clk 0:01:46]} Nf2+
{[%clk 0:00:58]} 57. Kg3 {[%clk 0:01:55]} Ne4+ {[%clk 0:01:01]} 58. Kg4
{[%clk 0:02:04]} Nf2+ {[%clk 0:00:42]} 59. Kg3 {[%clk 0:02:13]} Nh1+
{[%clk 0:00:48]} 60. Kg4 {[%clk 0:02:22]} Qe6+ {[%clk 0:00:50]} 61. Kg5
{[%clk 0:02:22]} Qh3 {[%clk 0:00:32]} 62. Ne5 {[%clk 0:01:34]} Ng3
{[%clk 0:00:39]} 63. Kf6 {[%clk 0:00:43]} Ne4+ {[%clk 0:00:47]} 64. Ke7
{[%clk 0:00:48]} Qh4+ {[%clk 0:00:51]} 65. Ke6 {[%clk 0:00:57]} Qh3+
{[%clk 0:00:44]} 66. f5 {[%clk 0:01:02]} Ng5+ {[%clk 0:00:42]} 67. Kf6
{[%clk 0:00:40]} Ne4+ {[%clk 0:00:25]} 68. Kg7 {[%clk 0:00:33]} Qh4
{[%clk 0:00:19]} 69. f6 {[%clk 0:00:35]} Ng5 {[%clk 0:00:28]} 70. Qe7+
{[%clk 0:00:28]} Kb6 {[%clk 0:00:36]} 71. f7 {[%clk 0:00:34]} Qh3
{[%clk 0:00:30]} 72. Qxg5 {[%clk 0:00:39]} d4 {[%clk 0:00:33]} 73. f8=Q
{[%clk 0:00:44]} d3 {[%clk 0:00:42]} 74. Nc4+ {[%clk 0:00:47]} Ka7
{[%clk 0:00:51]} 75. Qgc5+ 1-0

[Event "British Rapidplay 2017"]
[Site "Leeds"]
[Date "2017.11.18"]
[Round "3.4"]
[White "Jones, Steven A"]
[Black "Westwood, Richard D"]
[Result "1-0"]
[BlackElo "2129"]
[WhiteElo "2088"]
[LiveChessVersion "1.4.8"]

1. e4 {[%clk 0:20:18]} c5 {[%clk 0:20:17]} 2. Nf3 {[%clk 0:20:27]} d6
{[%clk 0:20:24]} 3. d4 {[%clk 0:20:36]} cxd4 {[%clk 0:20:31]} 4. Nxd4
{[%clk 0:20:45]} Nf6 {[%clk 0:20:33]} 5. Nc3 {[%clk 0:20:40]} Nc6
{[%clk 0:20:35]} 6. Bg5 {[%clk 0:20:45]} e6 {[%clk 0:20:42]} 7. Qd2
{[%clk 0:20:53]} Be7 {[%clk 0:20:45]} 8. O-O-O {[%clk 0:20:57]} Bd7
{[%clk 0:20:50]} 9. f4 {[%clk 0:19:00]} a6 {[%clk 0:20:15]} 10. Bxf6
{[%clk 0:18:22]} Bxf6 {[%clk 0:19:47]} 11. Nf3 {[%clk 0:15:45]} Be7
{[%clk 0:19:41]} 12. g4 {[%clk 0:15:25]} Rc8 {[%clk 0:19:06]} 13. Kb1
{[%clk 0:15:11]} Na5 {[%clk 0:17:50]} 14. f5 {[%clk 0:14:48]} b5 {[%clk 0:17:29]}
15. fxe6 {[%clk 0:13:11]} fxe6 {[%clk 0:17:21]} 16. e5 {[%clk 0:13:02]} d5
{[%clk 0:16:45]} 17. h4 {[%clk 0:12:03]} Nc4 {[%clk 0:16:01]} 18. Bxc4
{[%clk 0:12:11]} Rxc4 {[%clk 0:16:07]} 19. Ng5 {[%clk 0:07:39]} Bxg5
{[%clk 0:15:39]} 20. hxg5 {[%clk 0:07:40]} Qe7 {[%clk 0:13:16]} 21. g6
{[%clk 0:07:30]} h6 {[%clk 0:11:58]} 22. g5 {[%clk 0:06:48]} h5 {[%clk 0:12:04]}
23. Ne2 {[%clk 0:06:37]} Re4 {[%clk 0:10:17]} 24. Ng3 {[%clk 0:04:52]} Rxe5
{[%clk 0:08:39]} 25. Nxh5 {[%clk 0:05:01]} Rf8 {[%clk 0:06:38]} 26. Qd4
{[%clk 0:04:20]} Qxg5 {[%clk 0:04:47]} 27. Nxg7+ {[%clk 0:04:21]} Kd8
{[%clk 0:03:51]} 28. Rh5 {[%clk 0:03:51]} Qxh5 {[%clk 0:03:37]} 29. Nxh5
{[%clk 0:04:00]} Rxh5 {[%clk 0:03:45]} 30. g7 {[%clk 0:03:52]} Rg8
{[%clk 0:03:49]} 31. Qf6+ {[%clk 0:04:01]} 1-0

[Event "British Rapidplay 2017"]
[Site "Leeds"]
[Date "2017.11.18"]
[Round "4.1"]
[White "Klingher, Dominic"]
[Black "Sarakauskas, Gediminas"]
[Result "1-0"]
[BlackElo "2311"]
[WhiteElo "2143"]
[LiveChessVersion "1.4.8"]

1. e4 {[%clk 0:20:18]} e5 {[%clk 0:20:19]} 2. Nc3 {[%clk 0:20:26]} Nf6
{[%clk 0:20:26]} 3. Bc4 {[%clk 0:20:34]} Nxe4 {[%clk 0:20:22]} 4. Qh5
{[%clk 0:20:43]} Nd6 {[%clk 0:20:04]} 5. Bb3 {[%clk 0:20:51]} Be7
{[%clk 0:18:44]} 6. Nf3 {[%clk 0:20:35]} Nc6 {[%clk 0:18:15]} 7. Nxe5
{[%clk 0:19:50]} Nxe5 {[%clk 0:16:02]} 8. Qxe5 {[%clk 0:19:58]} O-O
{[%clk 0:16:09]} 9. O-O {[%clk 0:20:04]} Bf6 {[%clk 0:15:13]} 10. Qf4
{[%clk 0:20:11]} Bg5 {[%clk 0:14:29]} 11. Qf3 {[%clk 0:20:09]} Qf6
{[%clk 0:12:54]} 12. Qxf6 {[%clk 0:19:52]} Bxf6 {[%clk 0:13:03]} 13. Nd5
{[%clk 0:19:50]} Bd8 {[%clk 0:13:12]} 14. d4 {[%clk 0:19:56]} Nf5
{[%clk 0:12:59]} 15. c3 {[%clk 0:19:09]} c6 {[%clk 0:13:07]} 16. Nf4
{[%clk 0:19:15]} d5 {[%clk 0:13:04]} 17. Re1 {[%clk 0:19:13]} Nd6
{[%clk 0:12:05]} 18. Nd3 {[%clk 0:19:17]} Bf5 {[%clk 0:12:09]} 19. Bf4
{[%clk 0:18:09]} Ne4 {[%clk 0:12:05]} 20. f3 {[%clk 0:17:52]} Ng5
{[%clk 0:12:08]} 21. Nc5 {[%clk 0:17:35]} Ne6 {[%clk 0:12:09]} 22. Bd6
{[%clk 0:17:24]} Re8 {[%clk 0:08:40]} 23. Nxb7 {[%clk 0:17:28]} Bb6
{[%clk 0:08:18]} 24. Ba4 {[%clk 0:17:05]} Rec8 {[%clk 0:08:06]} 25. Bg3
{[%clk 0:16:54]} Bg6 {[%clk 0:05:40]} 26. Nd6 Rc7 27. f4 {[%clk 0:15:48]} Bd3
{[%clk 0:04:31]} 28. f5 {[%clk 0:15:26]} Nf8 {[%clk 0:04:31]} 29. Re3
{[%clk 0:14:43]} Ba6 {[%clk 0:04:33]} 30. b4 {[%clk 0:14:20]} Rd8
{[%clk 0:02:27]} 31. Rae1 {[%clk 0:14:24]} Rcd7 {[%clk 0:02:34]} 32. Ne8
{[%clk 0:13:51]} Bb5 {[%clk 0:02:15]} 33. Bd1 {[%clk 0:13:31]} a5
{[%clk 0:02:17]} 34. a3 {[%clk 0:13:28]} axb4 {[%clk 0:02:26]} 35. axb4
{[%clk 0:13:37]} f6 {[%clk 0:02:35]} 36. Re7 {[%clk 0:13:19]} Bd3
{[%clk 0:02:25]} 37. Nxg7 {[%clk 0:13:03]} Rxe7 {[%clk 0:02:28]} 38. Rxe7
{[%clk 0:13:11]} Ra8 {[%clk 0:02:38]} 39. Nh5 {[%clk 0:12:16]} Ra1
{[%clk 0:02:30]} 40. Nxf6+ Kh8 41. Re1 {[%clk 0:10:35]} Bxf5 {[%clk 0:02:48]} 42.
Be5 {[%clk 0:10:32]} Ng6 {[%clk 0:02:58]} 43. Nxd5+ {[%clk 0:08:00]} Nxe5
{[%clk 0:03:05]} 44. Nxb6 {[%clk 0:08:08]} Ng4 {[%clk 0:01:43]} 45. h3
{[%clk 0:08:14]} Nf6 {[%clk 0:01:52]} 46. Rf1 {[%clk 0:07:54]} Ne4
{[%clk 0:01:39]} 47. Bc2 {[%clk 0:05:40]} Ra2 {[%clk 0:01:12]} 48. Bb1
{[%clk 0:04:08]} Rb2 {[%clk 0:01:21]} 49. Bxe4 {[%clk 0:04:01]} Bxe4
{[%clk 0:01:30]} 50. Rf2 {[%clk 0:04:09]} Rb3 {[%clk 0:01:25]} 51. Na4
{[%clk 0:04:07]} Bd5 {[%clk 0:01:28]} 52. Rb2 {[%clk 0:03:04]} Ra3
{[%clk 0:01:35]} 53. Nb6 {[%clk 0:03:06]} Be4 {[%clk 0:01:35]} 54. c4
{[%clk 0:03:02]} Kg7 {[%clk 0:00:59]} 55. d5 {[%clk 0:02:55]} cxd5
{[%clk 0:01:07]} 56. Nxd5 {[%clk 0:03:03]} Bxd5 {[%clk 0:00:52]} 57. cxd5
{[%clk 0:03:12]} Kf6 {[%clk 0:00:58]} 58. b5 {[%clk 0:03:21]} Ra7
{[%clk 0:01:07]} 59. b6 {[%clk 0:02:59]} Rb7 {[%clk 0:01:16]} 60. Kf2 Ke5 61. Rb5
{[%clk 0:03:15]} Kd4 {[%clk 0:01:03]} 62. d6 {[%clk 0:03:19]} Kc4
{[%clk 0:01:13]} 63. Rb1 {[%clk 0:03:21]} 1-0

[Event "British Rapidplay 2017"]
[Site "Leeds"]
[Date "2017.11.18"]
[Round "4.2"]
[White "Jones, Steven A"]
[Black "Dong, Bao Nghia"]
[Result "1/2-1/2"]
[BlackElo "2183"]
[WhiteElo "2088"]
[LiveChessVersion "1.4.8"]

1. e4 {[%clk 0:20:19]} e6 {[%clk 0:20:12]} 2. d4 {[%clk 0:20:27]} d5
{[%clk 0:20:16]} 3. Nc3 {[%clk 0:20:30]} dxe4 {[%clk 0:20:14]} 4. Nxe4
{[%clk 0:20:37]} Bd7 {[%clk 0:20:15]} 5. Nf3 {[%clk 0:20:38]} Bc6
{[%clk 0:20:18]} 6. Bd3 {[%clk 0:20:41]} Nd7 {[%clk 0:20:25]} 7. Ng3
{[%clk 0:20:31]} Ngf6 {[%clk 0:20:19]} 8. O-O {[%clk 0:20:37]} Be7
{[%clk 0:20:21]} 9. c4 {[%clk 0:20:24]} h5 {[%clk 0:18:22]} 10. d5
{[%clk 0:16:35]} exd5 {[%clk 0:17:52]} 11. Nf5 {[%clk 0:16:38]} Kf8
{[%clk 0:17:52]} 12. Bg5 {[%clk 0:14:23]} dxc4 {[%clk 0:17:02]} 13. Bxc4
{[%clk 0:14:25]} Bxf3 {[%clk 0:16:38]} 14. Qxf3 {[%clk 0:14:34]} Ne5
{[%clk 0:16:39]} 15. Qb3 {[%clk 0:14:07]} Nxc4 {[%clk 0:16:43]} 16. Qxc4
{[%clk 0:13:55]} Qd5 {[%clk 0:16:26]} 17. Qf4 {[%clk 0:12:18]} Bd6
{[%clk 0:15:31]} 18. Nxd6 {[%clk 0:12:25]} Qxd6 {[%clk 0:15:34]} 19. Qxd6+
{[%clk 0:12:33]} cxd6 {[%clk 0:15:41]} 20. Bxf6 {[%clk 0:12:38]} gxf6
{[%clk 0:15:46]} 21. Rac1 {[%clk 0:12:14]} Re8 {[%clk 0:11:18]} 22. Rc7
{[%clk 0:12:21]} Re7 {[%clk 0:11:27]} 23. Rfc1 {[%clk 0:12:24]} b6
{[%clk 0:11:31]} 24. Kf1 {[%clk 0:12:01]} h4 {[%clk 0:11:15]} 25. Rc8+
{[%clk 0:11:44]} Kg7 {[%clk 0:11:21]} 26. Rxh8 {[%clk 0:11:52]} Kxh8
{[%clk 0:11:29]} 27. Rc4 {[%clk 0:12:01]} f5 {[%clk 0:11:23]} 28. Rxh4+
{[%clk 0:12:02]} Kg7 {[%clk 0:11:32]} 29. Rd4 {[%clk 0:11:58]} Re6
{[%clk 0:11:38]} 30. Rd3 {[%clk 0:10:46]} Kf6 {[%clk 0:10:34]} 31. Re3
{[%clk 0:10:48]} f4 {[%clk 0:10:22]} 32. Ra3 {[%clk 0:09:32]} a5 {[%clk 0:10:10]}
33. Rf3 {[%clk 0:09:17]} Kg5 {[%clk 0:08:44]} 34. Rb3 {[%clk 0:08:50]} d5
{[%clk 0:08:49]} 35. Rb5 {[%clk 0:08:59]} Rd6 {[%clk 0:08:58]} 36. Ke2
{[%clk 0:09:09]} Kf5 {[%clk 0:09:08]} 37. Rb3 {[%clk 0:08:23]} Ke4
{[%clk 0:08:57]} 38. h4 {[%clk 0:07:57]} Rg6 {[%clk 0:08:41]} 39. g3
{[%clk 0:07:49]} fxg3 {[%clk 0:08:49]} 40. Rxg3 {[%clk 0:07:13]} Rh6
{[%clk 0:08:47]} 41. Rg4+ {[%clk 0:07:15]} Ke5 {[%clk 0:08:54]} 42. Ke3
{[%clk 0:06:44]} f5 {[%clk 0:08:59]} 43. Ra4 {[%clk 0:06:21]} Rh8
{[%clk 0:08:28]} 44. Rd4 {[%clk 0:05:52]} b5 {[%clk 0:08:21]} 45. Rf4
{[%clk 0:05:19]} b4 {[%clk 0:04:40]} 46. a3 {[%clk 0:05:28]} bxa3
{[%clk 0:04:30]} 47. bxa3 {[%clk 0:05:37]} Rb8 {[%clk 0:04:38]} 48. Ra4
{[%clk 0:05:29]} Rb3+ {[%clk 0:04:38]} 49. Ke2 {[%clk 0:05:10]} f4
{[%clk 0:03:58]} 50. h5 {[%clk 0:05:19]} Rh3 {[%clk 0:02:58]} 51. Rxa5
{[%clk 0:05:10]} Rxh5 {[%clk 0:03:07]} 52. Ra8 {[%clk 0:05:04]} Rh3
{[%clk 0:03:14]} 53. Re8+ {[%clk 0:03:42]} Kd4 {[%clk 0:03:24]} 54. Rf8
{[%clk 0:03:52]} Kc3 {[%clk 0:03:33]} 55. Rc8+ {[%clk 0:03:42]} Kd4
{[%clk 0:03:11]} 56. Rf8 {[%clk 0:03:50]} Rxa3 {[%clk 0:01:12]} 57. Rxf4+
{[%clk 0:03:59]} Kc5 {[%clk 0:01:20]} 58. Rh4 {[%clk 0:03:53]} Ra8
{[%clk 0:01:18]} 59. Kd3 {[%clk 0:03:47]} Rf8 {[%clk 0:01:27]} 60. Rg4
{[%clk 0:03:17]} Rxf2 {[%clk 0:01:31]} 61. Rh4 {[%clk 0:03:26]} Ra2
{[%clk 0:01:34]} 62. Rg4 {[%clk 0:03:31]} Ra3+ {[%clk 0:01:40]} 63. Kd2
{[%clk 0:03:38]} Rh3 {[%clk 0:00:59]} 64. Kc2 {[%clk 0:03:34]} Kd6
{[%clk 0:01:07]} 65. Kd2 {[%clk 0:03:38]} Ke5 {[%clk 0:01:15]} 66. Ra4
{[%clk 0:03:40]} Rf3 {[%clk 0:00:49]} 67. Ke2 {[%clk 0:03:37]} Rc3
{[%clk 0:00:28]} 68. Rh4 {[%clk 0:03:36]} d4 {[%clk 0:00:27]} 69. Kd2
{[%clk 0:03:06]} Kd5 {[%clk 0:00:34]} 70. Rg4 {[%clk 0:01:41]} Rh3
{[%clk 0:00:40]} 71. Rg8 {[%clk 0:01:22]} Rh5 {[%clk 0:00:34]} 72. Rg3
{[%clk 0:01:18]} Kc4 {[%clk 0:00:41]} 73. Rf3 {[%clk 0:01:20]} Rh2+
{[%clk 0:00:30]} 74. Kd1 {[%clk 0:01:29]} Ra2 {[%clk 0:00:32]} 75. Rh3
{[%clk 0:01:35]} Rf2 {[%clk 0:00:32]} 76. Rg3 {[%clk 0:01:42]} Kd5
{[%clk 0:00:41]} 77. Rh3 {[%clk 0:01:39]} Ke4 {[%clk 0:00:50]} 78. Ra3
{[%clk 0:01:48]} Rh2 {[%clk 0:00:30]} 79. Rb3 {[%clk 0:01:56]} Rh1+
{[%clk 0:00:38]} 80. Kd2 {[%clk 0:02:04]} Rh2+ {[%clk 0:00:31]} 81. Kd1
{[%clk 0:02:14]} Rh1+ {[%clk 0:00:19]} 82. Kd2 {[%clk 0:02:23]} Rh2+
{[%clk 0:00:27]} 83. Kd1 {[%clk 0:02:32]} 1/2-1/2

[Event "British Rapidplay 2017"]
[Site "Leeds"]
[Date "2017.11.18"]
[Round "4.3"]
[White "Garnett, John S"]
[Black "Alsina Leal, Daniel"]
[Result "0-1"]
[BlackElo "2508"]
[WhiteElo "1951"]
[LiveChessVersion "1.4.8"]

1. d4 {[%clk 0:20:18]} Nf6 {[%clk 0:20:19]} 2. Bg5 {[%clk 0:20:26]} d5
{[%clk 0:20:22]} 3. e3 {[%clk 0:20:32]} c5 {[%clk 0:20:30]} 4. Bxf6
{[%clk 0:20:34]} gxf6 {[%clk 0:20:38]} 5. c4 {[%clk 0:20:33]} dxc4
{[%clk 0:19:02]} 6. Bxc4 {[%clk 0:20:39]} cxd4 {[%clk 0:18:29]} 7. Nc3
{[%clk 0:20:11]} Nc6 {[%clk 0:17:36]} 8. Qh5 {[%clk 0:20:02]} e6 {[%clk 0:14:11]}
9. O-O-O {[%clk 0:19:25]} Qa5 {[%clk 0:13:30]} 10. Qxa5 {[%clk 0:19:08]} Nxa5
{[%clk 0:13:39]} 11. Bb5+ {[%clk 0:19:05]} Ke7 {[%clk 0:13:44]} 12. Rxd4
{[%clk 0:18:35]} f5 {[%clk 0:12:50]} 13. Nge2 {[%clk 0:16:51]} a6
{[%clk 0:12:51]} 14. Ba4 {[%clk 0:16:56]} Bg7 {[%clk 0:12:54]} 15. Rd3
{[%clk 0:16:32]} b5 {[%clk 0:12:59]} 16. Bc2 {[%clk 0:16:27]} Ra7
{[%clk 0:11:46]} 17. Rhd1 {[%clk 0:16:06]} Rc7 {[%clk 0:11:44]} 18. Kb1
{[%clk 0:15:33]} Bb7 {[%clk 0:11:51]} 19. f3 {[%clk 0:14:36]} Rg8
{[%clk 0:09:58]} 20. Nf4 {[%clk 0:12:50]} Be5 {[%clk 0:08:40]} 21. R3d2
{[%clk 0:11:18]} Nc4 {[%clk 0:08:28]} 22. Re2 {[%clk 0:11:19]} Nxb2
{[%clk 0:03:52]} 23. Kxb2 {[%clk 0:11:10]} Rxc3 {[%clk 0:03:18]} 24. Kb1
{[%clk 0:11:08]} Rgc8 {[%clk 0:03:23]} 25. Nd3 {[%clk 0:09:40]} Bg7
{[%clk 0:03:09]} 26. Ne1 {[%clk 0:09:34]} R8c7 {[%clk 0:02:56]} 27. e4
{[%clk 0:08:56]} fxe4 {[%clk 0:02:48]} 28. Bxe4 {[%clk 0:08:52]} Bxe4+
{[%clk 0:02:20]} 29. Rxe4 {[%clk 0:09:01]} a5 {[%clk 0:02:21]} 30. Re2
{[%clk 0:08:32]} b4 {[%clk 0:02:23]} 31. Nc2 {[%clk 0:08:21]} b3 {[%clk 0:02:01]}
32. Ne3 {[%clk 0:07:41]} Kf6 {[%clk 0:01:01]} 33. Rd6 {[%clk 0:06:46]} Rc1+
{[%clk 0:00:59]} 34. Kb2 {[%clk 0:06:55]} Ke5 0-1

[Event "British Rapidplay 2017"]
[Site "Leeds"]
[Date "2017.11.18"]
[Round "4.4"]
[White "Storey, Charles H"]
[Black "Burke, Mitchell R"]
[Result "1-0"]
[BlackElo "2009"]
[WhiteElo "2225"]
[LiveChessVersion "1.4.8"]

1. d4 {[%clk 0:20:13]} Nf6 {[%clk 0:20:02]} 2. Bg5 {[%clk 0:20:18]} d5
{[%clk 0:19:53]} 3. Bxf6 {[%clk 0:19:51]} exf6 {[%clk 0:20:01]} 4. e3
{[%clk 0:19:59]} g6 {[%clk 0:20:09]} 5. c4 {[%clk 0:19:54]} dxc4 {[%clk 0:20:10]}
6. Bxc4 {[%clk 0:19:55]} Bg7 {[%clk 0:20:17]} 7. Nd2 {[%clk 0:19:22]} O-O
{[%clk 0:19:56]} 8. h4 {[%clk 0:19:16]} c5 {[%clk 0:16:22]} 9. dxc5
{[%clk 0:18:29]} f5 {[%clk 0:15:10]} 10. Qc2 {[%clk 0:16:39]} Nc6
{[%clk 0:13:18]} 11. Ngf3 {[%clk 0:16:28]} f4 {[%clk 0:11:56]} 12. e4
{[%clk 0:16:22]} Nd4 {[%clk 0:08:39]} 13. Nxd4 {[%clk 0:16:30]} Qxd4
{[%clk 0:08:44]} 14. Rb1 {[%clk 0:16:19]} Bg4 {[%clk 0:07:21]} 15. Nb3
{[%clk 0:15:38]} Qe5 {[%clk 0:06:01]} 16. f3 {[%clk 0:15:43]} Be6
{[%clk 0:05:28]} 17. h5 {[%clk 0:15:08]} Rfe8 {[%clk 0:03:53]} 18. hxg6
{[%clk 0:15:07]} hxg6 {[%clk 0:04:01]} 19. Bxe6 {[%clk 0:15:02]} Qxe6
{[%clk 0:03:47]} 20. Rd1 {[%clk 0:14:07]} Rad8 {[%clk 0:02:47]} 21. O-O
{[%clk 0:14:14]} Qf6 {[%clk 0:02:45]} 22. Rf2 {[%clk 0:13:36]} Rxd1+
{[%clk 0:02:09]} 23. Qxd1 {[%clk 0:13:45]} Rd8 {[%clk 0:02:19]} 24. Rd2
{[%clk 0:13:27]} Rxd2 {[%clk 0:02:10]} 25. Qxd2 {[%clk 0:13:36]} Qxb2
{[%clk 0:01:39]} 26. Qxb2 {[%clk 0:13:43]} Bxb2 {[%clk 0:01:47]} 27. Kf1
{[%clk 0:13:51]} Kf8 {[%clk 0:01:47]} 28. Ke2 {[%clk 0:13:58]} Ke7
{[%clk 0:01:56]} 29. Kd3 {[%clk 0:14:07]} Ke6 {[%clk 0:01:52]} 30. Kc4
{[%clk 0:14:15]} Bg7 {[%clk 0:01:37]} 31. Na5 {[%clk 0:14:19]} b6
{[%clk 0:01:41]} 32. Nc6 {[%clk 0:14:25]} Bf8 {[%clk 0:01:37]} 33. Nd4+
{[%clk 0:12:43]} Ke5 {[%clk 0:01:36]} 34. cxb6 {[%clk 0:11:26]} axb6
{[%clk 0:01:41]} 35. Nb3 {[%clk 0:11:34]} Kd6 {[%clk 0:01:38]} 36. Kb5
{[%clk 0:11:43]} Kc7 {[%clk 0:01:46]} 37. a4 {[%clk 0:11:40]} Be7
{[%clk 0:01:37]} 38. Nc1 {[%clk 0:11:16]} g5 {[%clk 0:01:37]} 39. Nd3
{[%clk 0:11:22]} f6 {[%clk 0:01:36]} 40. Nf2 {[%clk 0:10:15]} Bc5
{[%clk 0:01:32]} 41. Nd3 {[%clk 0:10:08]} Be7 {[%clk 0:01:31]} 42. Nf2
{[%clk 0:09:42]} Bc5 {[%clk 0:01:39]} 43. Ng4 {[%clk 0:09:52]} Be7
{[%clk 0:01:49]} 44. Nh6 {[%clk 0:09:58]} Bd6 {[%clk 0:00:33]} 45. Ng8
{[%clk 0:10:02]} Be5 {[%clk 0:00:38]} 46. Ne7 {[%clk 0:10:11]} Kb7
{[%clk 0:00:42]} 47. Nc6 {[%clk 0:09:20]} Kc7 {[%clk 0:00:33]} 48. Nb4
{[%clk 0:09:18]} Kb7 {[%clk 0:00:34]} 49. Kc4 {[%clk 0:09:25]} Kc7
{[%clk 0:00:32]} 50. Kd5 {[%clk 0:09:29]} Kd7 {[%clk 0:00:30]} 51. Nc2
{[%clk 0:09:02]} Bc3 {[%clk 0:00:29]} 52. Na3 {[%clk 0:09:09]} Be1
{[%clk 0:00:16]} 53. Nc4 {[%clk 0:09:18]} Bf2 {[%clk 0:00:24]} 54. e5
{[%clk 0:08:54]} fxe5 {[%clk 0:00:30]} 55. Nxe5+ {[%clk 0:09:03]} Ke7
{[%clk 0:00:34]} 56. Nd3 {[%clk 0:09:06]} Be3 {[%clk 0:00:11]} 57. Ne5
{[%clk 0:08:34]} Bd2 {[%clk 0:00:11]} 58. Nc4 {[%clk 0:08:40]} Be3
{[%clk 0:00:18]} 59. Kc6 {[%clk 0:08:32]} Ke6 {[%clk 0:00:14]} 60. Nxb6
{[%clk 0:08:40]} Kf5 {[%clk 0:00:18]} 61. a5 {[%clk 0:08:46]} g4 {[%clk 0:00:14]}
62. a6 {[%clk 0:08:48]} gxf3 {[%clk 0:00:13]} 63. gxf3 {[%clk 0:08:54]} Ke4
{[%clk 0:20:10]} 64. Kd5+ 1-0

[Event "British Rapidplay 2017"]
[Site "Leeds"]
[Date "2017.11.18"]
[Round "5.2"]
[White "Alsina Leal, Daniel"]
[Black "Jones, Steven A"]
[Result "1-0"]
[BlackElo "2088"]
[WhiteElo "2508"]
[LiveChessVersion "1.4.8"]

1. e4 {[%clk 0:20:19]} c5 {[%clk 0:20:19]} 2. Nf3 {[%clk 0:20:27]} Nc6
{[%clk 0:20:27]} 3. d4 {[%clk 0:20:35]} cxd4 {[%clk 0:20:33]} 4. Nxd4
{[%clk 0:20:44]} Nf6 {[%clk 0:20:42]} 5. Nc3 {[%clk 0:20:52]} e5 {[%clk 0:20:51]}
6. Ndb5 {[%clk 0:21:01]} d6 {[%clk 0:21:00]} 7. Bg5 {[%clk 0:21:07]} a6
{[%clk 0:21:09]} 8. Na3 {[%clk 0:21:16]} b5 {[%clk 0:21:07]} 9. Nd5
{[%clk 0:21:23]} Qa5+ {[%clk 0:21:00]} 10. Bd2 {[%clk 0:21:24]} Qd8
{[%clk 0:21:09]} 11. Bd3 {[%clk 0:20:35]} Nxd5 {[%clk 0:20:59]} 12. exd5
{[%clk 0:20:43]} Ne7 {[%clk 0:21:08]} 13. c4 {[%clk 0:19:49]} g6 {[%clk 0:21:16]}
14. O-O {[%clk 0:19:02]} Bg7 {[%clk 0:21:20]} 15. cxb5 {[%clk 0:17:55]} O-O
{[%clk 0:21:25]} 16. Bc4 {[%clk 0:16:47]} Nf5 {[%clk 0:20:49]} 17. bxa6
{[%clk 0:12:27]} Bxa6 {[%clk 0:20:53]} 18. Bxa6 {[%clk 0:12:12]} Rxa6
{[%clk 0:21:03]} 19. Nc2 {[%clk 0:12:14]} e4 {[%clk 0:18:40]} 20. Nb4
{[%clk 0:08:09]} Rb6 {[%clk 0:18:18]} 21. Nc6 {[%clk 0:06:39]} Qh4
{[%clk 0:17:43]} 22. Bc3 {[%clk 0:06:28]} Bxc3 {[%clk 0:16:26]} 23. bxc3
{[%clk 0:06:37]} e3 {[%clk 0:16:34]} 24. Qf3 {[%clk 0:05:40]} Re8
{[%clk 0:15:27]} 25. fxe3 {[%clk 0:03:53]} Rxe3 {[%clk 0:15:30]} 26. Qf2
{[%clk 0:04:01]} Qc4 {[%clk 0:15:01]} 27. Ne7+ {[%clk 0:02:27]} 1-0

[Event "British Rapidplay 2017"]
[Site "Leeds"]
[Date "2017.11.18"]
[Round "5.3"]
[White "Sarakauskas, Gediminas"]
[Black "Shaw, Peter"]
[Result "0-1"]
[BlackElo "2079"]
[WhiteElo "2311"]
[LiveChessVersion "1.4.8"]

1. e4 {[%clk 0:20:19]} d6 {[%clk 0:20:16]} 2. d4 {[%clk 0:20:27]} Nf6
{[%clk 0:20:25]} 3. Nc3 {[%clk 0:20:31]} c6 {[%clk 0:20:33]} 4. f4
{[%clk 0:20:33]} Qa5 {[%clk 0:20:41]} 5. Bd3 {[%clk 0:20:38]} e5 {[%clk 0:20:46]}
6. Nf3 {[%clk 0:20:45]} exd4 {[%clk 0:20:54]} 7. Nxd4 {[%clk 0:20:51]} g6
{[%clk 0:21:01]} 8. Nb3 {[%clk 0:18:30]} Qc7 {[%clk 0:21:07]} 9. Be3
{[%clk 0:18:35]} Bg7 {[%clk 0:21:09]} 10. O-O {[%clk 0:17:54]} O-O
{[%clk 0:21:11]} 11. Kh1 {[%clk 0:18:03]} Nbd7 {[%clk 0:20:33]} 12. Qd2
{[%clk 0:17:57]} b5 {[%clk 0:20:22]} 13. a3 {[%clk 0:16:24]} Bb7 {[%clk 0:20:11]}
14. Be2 {[%clk 0:15:50]} a5 {[%clk 0:18:41]} 15. Bf3 {[%clk 0:15:23]} b4
{[%clk 0:15:35]} 16. Nd1 {[%clk 0:14:43]} c5 {[%clk 0:15:29]} 17. e5
{[%clk 0:11:13]} dxe5 {[%clk 0:15:13]} 18. Bxb7 {[%clk 0:11:21]} Qxb7
{[%clk 0:14:37]} 19. Bxc5 {[%clk 0:11:08]} Nxc5 {[%clk 0:12:51]} 20. Nxc5
{[%clk 0:11:16]} Qb5 {[%clk 0:12:52]} 21. fxe5 {[%clk 0:10:18]} Qxf1#
{[%clk 0:12:47]} 0-1